000 006290000a22001810004500
003 LK-CoMWRAF
005 20231213164852.0
008 230817t1997 ||||| |||| 00| 0 eng d
040 _aLK-CoMWRAF
_dLK-CoMWRAF
_eLK-CoMWRAF
041 _aeng
082 _a346.01
_bWOM
245 _aWomen law and customary practices:
_bspecial papers commissioned by Women's Research and Action Group
260 _aMumbai:
_bWomen's Research and Action Group,
_c1997
300 _a96 p. ; 23 cm.
_bGlossary included
650 _a Muslim women--Legal status, laws, etc.--India.
650 _aDomestic relations (Islamic law)--India.
942 _cBK
999 _c803
_d803